01402nam a2200325 a 4500001001000000003000500010005001700015008004100032010001100073011001100084040000900095090001000104100004500114245013600159260004100295500006000336502006900396590004100465590004000506590004000546650005600586650005600642856007000698901000700768942001000775942000600785999001900791952013100810952013500941000113590CHAP20220329144403.0170807s2017 mx a fsm |||||||spa d a110051 a111023 cCHAP aTesis1 aPadilla Vasquez, Rigoberto Nikel913302510aEvaluación financiera de una plantación de árboles de navidad en Oaxaca /h[En línea]cpor Rigoberto Nikel Padilla Vasquez. aChapingo, Méx. :bEl autor,c2017. aPara ver el contenido del material haga clic en la liga aTesis (Ing. Forestal) -- UACH. División de Ciencias Forestales aBATCH-UPDb05c20170807lUCH01h1439 aE6096MTMb05c20170807lUCH01h1438 aE6096MTMb05c20170807lUCH01h144514aArboles de navidadxCostos de producción.913302614aÁrboles de navidadxProducciónzOaxaca.9132469 aFinding aiduhttp://10.13.5.2/tesis/sist113590.pdfzTeclea aquí aBK cTESIS n0 c110051d110051 00104054718TESISaBCbBCd2017-08-07fTESISl0oTesisp113592-10r2019-12-31 00:00:00w2019-12-31yTESISzRecien adquirido 00102local4053708TESISaBCbBCcPA_TESISd2017-08-07fTESISl0oTesisp113592-20r2019-12-31 00:00:00tc.2w2019-12-31yTESIS